Économie /

保存先:
書誌詳細
第一著者: Martina, D.
その他の著者: B.martory, Pavoine, J.
フォーマット: Sách giấy
出版事項: Paris : Nathan, 1993
タグ: タグ追加
タグなし, このレコードへの初めてのタグを付けませんか!
Thư viện lưu trữ: Thư viện Trường Đại học Đà Lạt
LEADER 00593nam a2200265 4500
001 DLU020000805
005 ##1/4/1999
020 # # |a 2.09.176482.5 
041 # # |f re 
082 # # |a 330  |b MA-D 
100 # # |a Martina, D. 
245 # # |a Économie /  |c D. Martina,Martory B., J. Pavoine 
260 # # |a Paris :  |b Nathan,  |c 1993 
300 # # |a 255 tr.;  |c 26 cm. 
700 # # |a B.martory, 
700 # # |a Pavoine, J. 
992 # # |a 6000 
994 # # |a DLU 
900 # # |a False 
911 # # |a Administrator 
925 # # |a G 
926 # # |a A 
927 # # |a SH 
980 # # |a Thư viện Trường Đại học Đà Lạt